| 000 | 00811nam a22002297a 4500 | ||
|---|---|---|---|
| 005 | 20240530110450.0 | ||
| 008 | 150505s2010 ua g 000 0 ara d | ||
| 017 |
_a2009/14036 _bمصر . دار الكتب المصرية |
||
| 020 | _a9775471885 | ||
| 040 | _aEG-CaGPL | ||
| 082 | 0 | 4 |
_221 _a302.1\ _bش س |
| 100 | 0 | _aشحاتة صيام | |
| 245 | 1 | 0 |
_aسوسيولوجيا ما بعد الحداثة : _bالنهايات المفتوحة / _cشحاتة صيام |
| 250 | _aط1 | ||
| 260 |
_aالقاهرة : _bمصر العربية للنشر و التوزيع ، _c2010 . |
||
| 300 |
_a319 ص ؛ _c24 سم . |
||
| 650 | 0 | 4 | _aالراديكالية |
| 650 | 0 | 4 |
_aالاجتماع ، علم _xنظريات |
| 650 | 0 | 4 | _aالحداثة |
| 942 |
_2ddc _cBK |
||
| 999 |
_c61230 _d61230 |
||